Score 0/30 Timer 06:00
3 Plays Today
% Correct
Nut
98%
Rice
92.3%
Whale
86.5%
Bean
85.4%
Cheese
84.7%
Tomato
84.4%
Oil
84.3%
Bread
78.5%
Monkey
77.6%
Apple
77.4%
Squash
76.4%
Lion
75.6%
Shark
75.6%
Seal
75.3%
Penguin
74.4%
% Correct
Pepper
74.3%
Mushroom
73.8%
Wolf
72.1%
Pea
71.1%
Crab
71.1%
Lettuce
67.4%
Scallop
63.5%
Onion
60.4%
Squirrel
58.2%
Cabbage
54.1%
Snake
53%
Corn
46.1%
Spinach
45.4%
Cucumber
37.5%
Garlic
35.1%
Remove Ads.
Support Sporcle.
Get the best of Sporcle when you Go Orange. This ad-free experience offers more features, more stats, and more fun while also helping to support Sporcle. Thank you for becoming a member.

You're not logged in!

Compare scores with friends on all Sporcle quizzes.
OR
Log In

Show Comments

Extras

Top Quizzes Today


Score Distribution

Your Account Isn't Verified!

In order to create a playlist on Sporcle, you need to verify the email address you used during registration. Go to your Sporcle Settings to finish the process.

Report this User

Report this user for behavior that violates our Community Guidelines.

Details: